Statistics for The Last Dinner Party discography

Click here to take the quiz!

General Stats

  • This quiz has been taken 17 times
  • The average score is 9 of 12

Answer Stats

HintAnswer% Correct
Prelude to EcstasyNothing Matters
100%
Prelude to EcstasySinner
94%
Prelude to EcstasyThe Feminine Urge
94%
Prelude to EcstasyPrelude to Ecstasy
88%
Prelude to EcstasyBeautiful Boy
81%
Prelude to EcstasyMirror
81%
Prelude to EcstasyBurn Alive
69%
Prelude to EcstasyGjuha
69%
Prelude to EcstasyMy Lady of Mercy
69%
Prelude to EcstasyPortrait of a Dead Girl
69%
Prelude to EcstasyOn Your Side
63%
Prelude to EcstasyCaeser on a TV Screen
38%

Score Distribution

Percentile by Number Answered

Percent of People with Each Score

Your Score History

You have not taken this quiz